000 01062nam a22002537a 4500
001 5602
003 FISKH
005 20241220142810.0
008 241220b cb ||||| |||| 00| 0 eng d
020 _a9780439981170
040 _aFISKH
_beng
_cFISKH
_dFISKH
082 _a793
100 _aBaddiel, Ivor
245 _aMystical magic/
_cBy Ivor Baddiel and Jonny Zucker : Illustrated by Mike Phillips
260 _aNew York :
_bScholastic ;
_c2003.
300 _a137 pages :
_billustrations ;
_c21 cm .
490 _aThe knowledge
520 _aA practical guide describing what work-based learning is, how it works and what makes it effective. It includes case studies taken from personal accounts of learning experiences from members of primary care teams. It demonstrates how work-based learning can be made more effective, and how this contributes to promoting change and service improvement.
650 _adonated
_vNon-fiction
650 _amagic
_vNon-fiction
700 _aPhillips, Mike
_eillustrator
942 _2ddc
_cBK
_n0
999 _c5602
_d5602